Responses for Show #5217 - Tuesday, April 24, 2007

Contestants

[<< previous game]

Maggi McKenzie, a business analyst from Mount Juliet, Tennessee

Michael O'Hara, a director of customer service from West Hollywood, California

Laura Wimberley, a college teaching assistant originally from Wilmington, Delaware (whose 2-day cash winnings total $7,199)

[next game >>]

Jeopardy! Round responses

LET'S COMMUNICATE
TV JAILBIRDS
CROSSWORD CLUES "G"
OGDEN
NASH-ING
(Alex: This is a good BEFORE & AFTER.)
YOUR TEETH
    $200 1
Spanish

Maggi
    $200 8
The Andy Griffith Show

Maggi
    $200 3
gourmet

Michael
    $200 16
Brigham Young

Maggi
    $200 21
milk

Laura
    $200 26
anesthetics

Maggi
    $400 2
bees

Michael
    $400 9
J.R.

Laura
    $400 4
glacier

Michael
    $400 17
the Great Salt Lake

Laura
    $400 22
vermouth

Laura
    $400 27
(Maggi: What is 32?)
...
(Alex: Upper, upper.)

16

MichaelMaggi
    $600 10
pigeons

Laura
    $600 13
Desperate Housewives

Maggi
    $600 5
Glinda

Laura
    $600 18
pink

Laura
    $600 23
(Laura: What is feast?)

priest

LauraMichael
    $600 28
the pulp

Maggi
    $800 11
semaphore

Maggi
    $800 14
Oz

Michael
    $800 6
gay

Michael
    $800 19
the Hudson Bay Company

Maggi
    $800 24
(Michael: What is sleeping?)

naive

Michael
Triple Stumper
    $800 29
eye teeth

Michael
    $1000 12
the National Security Agency

Triple Stumper
    $1000 15
Prison Break

Michael
    $1000 7
gendarme

Michael
    $1000 20
the Union Pacific & the Central Pacific

Michael
    $3,000 25
scruples

Michael
    $1000 30
a grill

Laura

Scores at the first commercial break (after clue 15):

Laura Michael Maggi
$1,600 $4,600 $1,800

Scores at the end of the Jeopardy! Round:

Laura Michael Maggi
$3,600 $9,600 $3,200

Double Jeopardy! Round responses

THE NEW YORK TIMES SCIENCE TIMES
NCAA TEAM NAME'S THE SAME
WOMEN IN GOVERNMENT
ART STYLE ETYMOLOGY
THE MANSION FAMILY
HOUSE OF METAPHORS
    $400 18
a tonsillectomy

Michael
    $400 1
the Trojans

Laura
    $400 2
Maine

Laura
    $400 7
renaissance

Maggi
    $400 27
(Laura: Who is Odin?)

Thor

LauraMichael
    $400 13
a den

Maggi
    $800 19
nuclear weapons

Laura
    $800 9
the Tigers

Michael
    $800 3
(Janet) Reno

Laura
    $800 8
rococo

Michael
    $800 28
(Robert E.) Lee

Maggi
    $800 14
the kitchen sink

Laura
    $3,000 20
the Mayans

Laura
    $1200 10
the Huskies

Michael
    $1200 4
Arkansas

Triple Stumper
    $3,000 23
(Laura: What is expressionism?)

impressionism

Laura
    $1200 29
Robert Louis Stevenson

Triple Stumper
    $1200 15
cellar dweller

Michael
    $1600 21
turtles

Michael
    $1600 11
the Cougars

Triple Stumper
    $1600 5
Kathleen Kennedy (Townsend)

Maggi
    $1600 24
pop art

Laura
    $1600 16
(Michael: What is the national debt?)
(Maggi: What is the borrowing limit?)

the debt ceiling

MichaelMaggi
Triple Stumper
    $2000 22
ribonucleic acid (RNA)

Laura
    $2000 12
the Cowboys

Michael
    $2000 6
(Maggi: Who is Hazel O'Leary?)

Patricia Harris

Maggi
Triple Stumper
    $2000 25
surrealism

Triple Stumper
    $2000 26
(Jack) London

Michael
    $2000 17
(Alex: To get a breeze indoors, I'll [*].)

leave the door open

Triple Stumper

Scores at the end of the Double Jeopardy! Round:

Laura Michael Maggi
$10,000 $18,400 $2,800

[wagering suggestions for these scores]

Final Jeopardy! Round responses

19th CENTURY AMERICAN AUTHORS
MaggiWho is Thoreau
$2,799
LauraWho was Thoraeu?
$6,800
MichaelWho is Twain
$1,601
Thoreau

Final scores:

Laura Michael Maggi
$16,800 $16,799 $5,599
3-day champion: $23,999 2nd place: $2,000 3rd place: $1,000

Game dynamics:

Coryat scores:

Laura Michael Maggi
$11,200 $16,400 $2,800
16 R
(including 1 DD),
3 W
(including 1 DD)
21 R
(including 1 DD),
2 W
12 R,
3 W

Combined Coryat: $30,400

[game clues] [game scores] [suggest correction]

Game tape date: 2007-02-06
The J! Archive is created by fans, for fans. Scraping, republication, monetization, and malicious use prohibited; this site may use cookies and collect identifying information. See terms. The Jeopardy! game show and all elements thereof, including but not limited to copyright and trademark thereto, are the property of Jeopardy Productions, Inc. and are protected under law. This website is not affiliated with, sponsored by, or operated by Jeopardy Productions, Inc. Join the discussion at JBoard.tv.